| 000 | 00636nam a22002057a 4500 | ||
|---|---|---|---|
| 005 | 20140310183629.0 | ||
| 008 | 131115b xxu||||| |||| 00| 0 eng d | ||
| 020 | _a9781111969721 | ||
| 050 |
_aHD 31 _b.G851 2013 |
||
| 100 | _aGriffin, Ricky W. | ||
| 245 |
_aManagement : _bprinciples and practices / _cRicky W. Griffin. |
||
| 250 | _a11th ed. | ||
| 260 |
_aAustralia ; Mason, OH : _b South-Western Cengage Learning, _c2013. |
||
| 300 |
_a686 p. : _bcol. ill. ; _c29 cm. |
||
| 504 | _aIncludes bibliographical references and indexes. | ||
| 521 | _aBSBA | ||
| 650 | _aManagement. | ||
| 942 |
_2lcc _cBK _kFOR |
||
| 999 |
_c25578 _d25578 |
||